Star Wars, épisode II - L'Attaque des clones - Statistiques

Statistiques générales
  • Ce quiz a été pris 52 fois
  • Le résultat moyen est 8 sur 15
Statistiques - réponses
Questions Réponses % Correct
Quel maître Jedi est à l’origine de la mort de Jango Fett ? Maître Mace Windu
89%
Quelle bataille marque le début officiel de la Guerre des Clones ? La bataille de Geonosis
83%
Par quelle espèce Shmi Skywalker est-elle faite prisonnière sur Tatooine ? Les pillards Tusken (ou Hommes des Sables)
77%
Sous quel nom Sith le Comte Dooku est-il connu ? Dark Tyranus
74%
Quel chasseur de primes emploie Zam Wesell pour placer les kouhuns (créatures venimeuses) dans la chambre de Padmé ? Jango Fett
74%
Selon les Kaminoens, quel Jedi est à l’origine de la commande de l’armée des clones sur Kamino ? Maître Sifo-Dyas
71%
À la sortie du film, en 2002, quel nom porte le nom du vaisseau de Jango Fett ? Slave I
71%
Quel sénateur propose de donner les pleins pouvoirs à Palpatine pour lever une armée ? Jar Jar Binks
69%
Quel groupe dirigé par le Comte Dooku lutte contre la République et déclenche la Guerre des Clones ? L'Alliance Séparatiste
66%
Quel sénateur d’Alderaan s’oppose le plus fermement à la création de l’armée de clones par le Sénat de la République ? Sénateur Bail Organa
66%
Quel ami d’Obi-Wan, propriétaire d’un restaurant sur Coruscant, l’aide à retrouver la planète Kamino ? Dexter Jettster
40%
Sur Kamino, dans quelle ville Obi-Wan est-il accueilli par Lama Su et Taun We ? Tipoca City
23%
Lors de son duel spatial avec Obi-Wan, quelle arme explosive Jango Fett lance-t-il, croyant tuer le Jedi ? Une charge sismique
14%
Quel est le nom actuel du vaisseau de Jango Fett, après modification en 2021 ? Firespray
11%
Dans l’arène de Geonosis, quelle créature d'apparence féline attaque Anakin et Padmé ? Un Nexu
11%
Aucun quiz correspondant
Distribution des résultats
% des personnes avec chaque résultat
Percentile par nombre de réponses
Votre historique - résultats
Vous n’avez pas pris ce quiz